Т. 4; Армия мира; Страницы подвига; Вечный бой; Рота почетного караула; Иду на перехват; Время "Ч"
| Parent link: | Страницы подвига: советская военно-патриотическая проза/ под общ. ред. А. Дементьева; сост. Л. Асанов. Т. 4.— , 1987 |
|---|---|
| Jazyk: | ruština |
| Vydáno: |
|
| TOC: | В. Карпов, Вечный бой; В. Степанов, Рота почетного караула; И. С. Черных, Иду на перехват; В. Поволяев, Время "Ч"; |
| Témata: | |
| Médium: | MixedMaterials Kniha |
| KOHA link: | https://koha.lib.tpu.ru/cgi-bin/koha/opac-detail.pl?biblionumber=116319 |
MARC
| LEADER | 00000nam0a2200000 4500 | ||
|---|---|---|---|
| 001 | 116319 | ||
| 005 | 20231101215324.0 | ||
| 035 | |a (RuTPU)RU\TPU\book\125875 | ||
| 035 | |a RU\TPU\book\125874 | ||
| 090 | |a 116319 | ||
| 100 | |a 20070520d1987 m y0rusy50 ca | ||
| 101 | 0 | |a rus | |
| 102 | |a RU | ||
| 105 | |a a z 000ay | ||
| 200 | 1 | |a Т. 4 |i Армия мира | |
| 215 | |a 560 с. |c цв. ил. | ||
| 461 | |t Страницы подвига |o советская военно-патриотическая проза |o в 4 т. |v Т. 4 |f под общ. ред. А. Дементьева; сост. Л. Асанов |d 1987 | ||
| 464 | |t Вечный бой |o роман |f В. Карпов | ||
| 464 | |t Рота почетного караула |o повесть |f В. Степанов | ||
| 464 | |t Иду на перехват |o повесть |f И. С. Черных | ||
| 464 | |t Время "Ч" |o повесть |f В. Поволяев | ||
| 606 | 1 | |a Русская литература современная |2 stltpush |3 (RuTPU)RU\TPU\subj\26373 |9 50316 | |
| 610 | 1 | |a советская литература | |
| 610 | 1 | |a проза | |
| 610 | 1 | |a войны | |
| 610 | 1 | |a патриотизм | |
| 610 | 1 | |a сборники | |
| 610 | 1 | |a Великая Отечественная война 1941-1945 | |
| 610 | 1 | |a повести | |
| 610 | 1 | |a романы | |
| 610 | 1 | |a военная проза | |
| 675 | |a Р2 |v 3 | ||
| 801 | 1 | |a RU |b 63413507 |c 20070511 |g PSBO | |
| 801 | 2 | |a RU |b 63413507 |c 20220218 |g PSBO | |
| 942 | |c BK | ||